Ö.t.e.k.i. (gizli topluluk)/ (Record no. 200464685)
[ view plain ]
| 000 -LEADER | |
|---|---|
| fixed length control field | 01065nam a22003497a 4500 |
| 001 - CONTROL NUMBER | |
| control field | 200464685 |
| 003 - CONTROL NUMBER IDENTIFIER | |
| control field | TR-AnTOB |
| 005 - DATE AND TIME OF LATEST TRANSACTION | |
| control field | 20250630155710.0 |
| 008 - FIXED-LENGTH DATA ELEMENTS--GENERAL INFORMATION | |
| fixed length control field | 250630b tu ||||| |||| 00| 0 tur d |
| 020 ## - INTERNATIONAL STANDARD BOOK NUMBER | |
| International Standard Book Number | 9789750510694 |
| 040 ## - CATALOGING SOURCE | |
| Language of cataloging | tur |
| Description conventions | rda |
| Transcribing agency | TR-AnTOB |
| Original cataloging agency | TR-AnTOB |
| 041 0# - LANGUAGE CODE | |
| Language code of text/sound track or separate title | Türkçe |
| 044 ## - COUNTRY OF PUBLISHING/PRODUCING ENTITY CODE | |
| ISO country code | tu |
| 092 ## - LOCALLY ASSIGNED DEWEY CALL NUMBER (OCLC) | |
| Classification number | 808.068 |
| Item number | MAN 2013 |
| 100 1# - MAIN ENTRY--PERSONAL NAME | |
| Personal name | Manas, Pedro . |
| 245 1# - TITLE STATEMENT | |
| Title | Ö.t.e.k.i. (gizli topluluk)/ |
| Statement of responsibility, etc. | Pedro Manas ; çev.: Saliha Nilüfer; resimleyen javier Vazquez. |
| 250 ## - EDITION STATEMENT | |
| Edition statement | 2. bs |
| 264 #1 - PRODUCTION, PUBLICATION, DISTRIBUTION, MANUFACTURE, AND COPYRIGHT NOTICE | |
| Place of production, publication, distribution, manufacture | İstanbul : |
| Name of producer, publisher, distributor, manufacturer | İletişim Yayınları , |
| Date of production, publication, distribution, manufacture, or copyright notice | 2013. |
| 300 ## - PHYSICAL DESCRIPTION | |
| Extent | 104 pages.; |
| Dimensions | 20 cm. |
| 336 ## - CONTENT TYPE | |
| Content type term | metin |
| Content type code | txt |
| Source | rdacontent |
| 337 ## - MEDIA TYPE | |
| Media type term | aracısız |
| Media type code | n |
| Source | rdamedia |
| 338 ## - CARRIER TYPE | |
| Carrier type term | cilt |
| Carrier type code | nc |
| Source | rdacarrier |
| 490 1# - SERIES STATEMENT | |
| Series statement | İletişim Yayınları ; |
| Volume/sequential designation | 1770. |
| Series statement | Çocuk kitapları dizisi ; |
| Volume/sequential designation | 99. |
| 500 ## - GENERAL NOTE | |
| General note | Özgün eser adı: Los O.T.R.O.S. |
| 830 1# - SERIES ADDED ENTRY--UNIFORM TITLE | |
| Uniform title | İletişim Yayınları ; |
| Volume/sequential designation | 1770. |
| Uniform title | Çocuk kitapları dizisi ; |
| Volume/sequential designation | 99. |
| 902 ## - LOCAL DATA ELEMENT B, LDB (RLIN) | |
| a | 0065479 |
| 942 ## - ADDED ENTRY ELEMENTS (KOHA) | |
| Source of classification or shelving scheme | Dewey Decimal Classification |
| Koha item type | Book |
| Withdrawn status | Lost status | Source of classification or shelving scheme | Not for loan | Collection code | Home library | Current library | Shelving location | Date acquired | Total Checkouts | Full call number | Barcode | Date last seen | Date shelved | Koha item type |
|---|---|---|---|---|---|---|---|---|---|---|---|---|---|---|
| Dewey Decimal Classification | Ödünç Verilebilir / Available | College General Collection | TOBB ETÜ Koleji | TOBB ETÜ Koleji | College General Collection | 30/06/2025 | 808.068 MAN 2013 | 200464685 | 30/06/2025 | 30/06/2025 | Book |
